| 000 | 01617cam a2200337 a 4500 | ||
|---|---|---|---|
| 001 | 4504104 | ||
| 003 | NUST - PNEC | ||
| 005 | 20170116181125.0 | ||
| 008 | 981210s1997 pk a 000 0 eng | ||
| 010 | _a 97930923 | ||
| 020 | _a019577776X | ||
| 025 | _aP-E-97930923; 07; 08 | ||
| 040 |
_aDLC _cLIBRARY _dDLC |
||
| 042 | _alcode | ||
| 043 | _aa-pk--- | ||
| 050 | 0 | 0 |
_aDS384 _b.K4555 1997 |
| 082 | 0 | 0 | _a954.9104 ROE |
| 100 | 1 |
_aRoedad Khan _d1923- _913656 |
|
| 245 | 1 | 0 |
_aPakistan, a dream gone sour / _cRoedad Khan. |
| 260 |
_aKarachi : _bOxford University Press, _c1997. |
||
| 300 |
_axv, 263 p. : _bill. ; _c22 cm. |
||
| 505 | 8 | _aMachine generated contents note: 1. Ayub -- 2. Bhutto outcast -- 3. Yahya -- 4. Bhutto - triumph and tragedy -- 5. Ziaul Haq -- 6. Ghulam Ishaq Khan -- 7. Toward confrontation -- 8. Making the rulers accountable -- 9. Farooq Leghari -- 10. Character and credibility -- 11. Where does sovereignty lie? Illusion and reality -- 12. Mandarins -- 13. Political succession and the Islamic challenge -- 14. Supreme Court reborn -- 15. Fifty years of independence -- 16. Reflections -- Epilogue -- Appendices -- Notes -- Index. | |
| 650 | 0 |
_aPresidents _zPakistan. _xGeneral |
|
| 650 | 0 |
_aPrime ministers _zPakistan. |
|
| 651 | 0 |
_aPakistan _xHistory. |
|
| 856 | 4 | 1 |
_3Table of contents only _uhttp://www.loc.gov/catdir/toc/fy02/97930923.html |
| 856 | 4 | 2 |
_3Publisher description _uhttp://www.loc.gov/catdir/enhancements/fy0635/97930923-d.html |
| 906 |
_a7 _bcbc _corigode _d3 _encip _f19 _gy-gencatlg |
||
| 942 |
_2ddc _cBK |
||
| 999 |
_c69724 _d69724 |
||